| 000 | 00352nam a2200133 a 4500 | ||
|---|---|---|---|
| 001 | 000032838 | ||
| 005 | 20200930065850.0 | ||
| 008 | 110727s1940 dr 000 0 spa d | ||
| 040 |
_aDO-SdBNP _bspa _cBNPHU |
||
| 245 | 0 | 0 | _aVoces adentro. |
| 260 |
_aCiudad Trujillo,República Dominicana : _bEl Sol, _c1940. |
||
| 300 |
_a56 P. ; _c18 cm. |
||
| 049 | _aBNPD | ||
| 999 |
_c32329 _d32329 |
||